[Event "1SM"]
[Site "Sharjah Chess Club"]
[Date "2017.03.28"]
[Round "6.7"]
[White "Mareco, Sandro"]
[Black "Fier, Alexandr"]
[Result "1-0"]
[BlackElo "2568"]
[WhiteElo "2664"]
[LiveChessVersion "1.4.8"]

1. e4 {[%clk 1:40:27]} e5 {[%clk 1:39:11]} 2. Nf3 {[%clk 1:40:53]} Nc6
{[%clk 1:39:36]} 3. Bb5 {[%clk 1:41:20]} a6 {[%clk 1:40:00]} 4. Ba4
{[%clk 1:41:47]} Nf6 {[%clk 1:40:24]} 5. d3 {[%clk 1:42:01]} Bc5 {[%clk 1:38:02]}
6. c3 {[%clk 1:41:46]} d6 {[%clk 1:35:25]} 7. O-O {[%clk 1:41:53]} O-O
{[%clk 1:28:55]} 8. Bg5 {[%clk 1:37:29]} h6 {[%clk 1:27:15]} 9. Bh4
{[%clk 1:37:56]} g5 {[%clk 1:22:24]} 10. Bg3 {[%clk 1:37:06]} Ba7
{[%clk 1:19:25]} 11. Nbd2 {[%clk 1:32:55]} g4 {[%clk 1:07:30]} 12. Bh4
{[%clk 1:25:27]} gxf3 {[%clk 1:06:29]} 13. Qxf3 {[%clk 1:25:50]} Kg7
{[%clk 1:06:55]} 14. d4 {[%clk 1:03:04]} Qe7 {[%clk 1:02:13]} 15. Rfe1
{[%clk 1:03:10]} Rg8 {[%clk 0:55:54]} 16. h3 {[%clk 0:58:41]} Bd7
{[%clk 0:46:20]} 17. Nf1 {[%clk 0:55:08]} Rae8 {[%clk 0:38:02]} 18. Ng3
{[%clk 0:52:12]} Kg6 {[%clk 0:30:12]} 19. d5 {[%clk 0:49:15]} Nb8
{[%clk 0:30:37]} 20. Bxd7 {[%clk 0:49:40]} Qxd7 {[%clk 0:31:04]} 21. Qxf6+
{[%clk 0:50:05]} Kh7 {[%clk 0:31:30]} 22. Nh5 {[%clk 0:50:28]} Ref8
{[%clk 0:30:47]} 23. Qf3 {[%clk 0:42:16]} f5 {[%clk 0:31:14]} 24. Nf6+
{[%clk 0:39:55]} Rxf6 {[%clk 0:31:40]} 25. Bxf6 {[%clk 0:40:22]} f4
{[%clk 0:32:04]} 26. Bh4 {[%clk 0:40:11]} Qf7 {[%clk 0:32:22]} 27. Kh1
{[%clk 0:40:26]} Nd7 {[%clk 0:32:49]} 28. g4 {[%clk 0:39:00]} Nf8
{[%clk 0:29:55]} 29. Bg3 {[%clk 0:34:08]} Ng6 {[%clk 0:30:21]} 30. Rg1
{[%clk 0:26:50]} Qd7 {[%clk 0:25:15]} 31. Bh2 {[%clk 0:27:14]} Nh4
{[%clk 0:25:43]} 32. Qe2 {[%clk 0:27:19]} f3 {[%clk 0:25:27]} 33. Qd2
{[%clk 0:26:40]} h5 {[%clk 0:24:01]} 34. Rg3 {[%clk 0:22:59]} Qf7
{[%clk 0:21:28]} 35. Rag1 {[%clk 0:19:54]} Ng2 {[%clk 0:20:55]} 36. gxh5
{[%clk 0:17:53]} Qxh5 {[%clk 0:20:42]} 37. R1xg2 {[%clk 0:17:40]} fxg2+
{[%clk 0:21:05]} 38. Kxg2 {[%clk 0:18:07]} Rf8 {[%clk 0:20:02]} 39. f3
{[%clk 0:18:31]} Qh6 {[%clk 0:20:28]} 40. Qxh6+ {[%clk 0:18:46]} Kxh6
{[%clk 0:20:56]} 41. Bg1 {[%clk 0:19:10]} Bxg1 {[%clk 0:21:23]} 42. Kxg1
{[%clk 0:19:35]} c6 {[%clk 0:21:52]} 43. dxc6 {[%clk 0:19:12]} bxc6
{[%clk 0:22:19]} 44. Kf2 {[%clk 0:19:07]} Rb8 {[%clk 0:22:48]} 45. b3
{[%clk 0:19:31]} a5 {[%clk 0:23:15]} 46. Rg1 {[%clk 0:19:53]} a4 {[%clk 0:23:41]}
47. b4 {[%clk 0:19:49]} c5 {[%clk 0:23:15]} 48. a3 {[%clk 0:20:15]} cxb4
{[%clk 0:23:39]} 49. axb4 {[%clk 0:20:40]} Rc8 {[%clk 0:24:00]} 50. Rc1
{[%clk 0:21:01]} a3 {[%clk 0:23:23]} 51. Ke3 {[%clk 0:21:27]} a2 {[%clk 0:23:49]}
52. Kd3 {[%clk 0:21:51]} Ra8 {[%clk 0:24:11]} 53. Ra1 {[%clk 0:22:17]} Kg5
{[%clk 0:24:40]} 54. Kc2 {[%clk 0:15:54]} Kf4 {[%clk 0:25:06]} 55. Kb3
{[%clk 0:16:18]} Kxf3 {[%clk 0:25:27]} 56. Rxa2 {[%clk 0:16:41]} Rd8
{[%clk 0:25:09]} 57. h4 {[%clk 0:16:48]} Kxe4 {[%clk 0:25:36]} 58. h5
{[%clk 0:12:15]} Kd3 {[%clk 0:26:03]} 59. Ra5 {[%clk 0:07:59]} d5
{[%clk 0:26:03]} 60. h6 {[%clk 0:08:00]} e4 {[%clk 0:21:44]} 61. h7
{[%clk 0:06:15]} d4 {[%clk 0:21:29]} 62. Rd5 {[%clk 0:05:39]} Rxd5
{[%clk 0:21:45]} 63. h8=Q {[%clk 0:06:04]} e3 {[%clk 0:22:10]} 64. Qh1
{[%clk 0:05:54]} Rd8 {[%clk 0:22:13]} 65. Qd1+ {[%clk 0:04:55]} Ke4
{[%clk 0:22:41]} 66. cxd4 {[%clk 0:03:59]} Rxd4 {[%clk 0:23:09]} 67. Qe2
{[%clk 0:04:16]} Rd2 {[%clk 0:23:35]} 68. Qg4+ {[%clk 0:04:43]} Ke5
{[%clk 0:23:48]} 69. Qf3 {[%clk 0:04:40]} Rd3+ {[%clk 0:24:07]} 70. Kc2
{[%clk 0:04:17]} Ra3 {[%clk 0:24:18]} 71. b5 {[%clk 0:04:40]} Kd4
{[%clk 0:23:53]} 72. b6 {[%clk 0:03:38]} Rc3+ {[%clk 0:24:19]} 73. Kb2
{[%clk 0:03:57]} Rc5 {[%clk 0:24:46]} 74. Qd1+ {[%clk 0:03:30]} Ke4
{[%clk 0:24:51]} 75. Qa4+ {[%clk 0:03:51]} Kf3 {[%clk 0:25:13]} 76. b7
{[%clk 0:03:36]} e2 {[%clk 0:25:41]} 77. b8=Q {[%clk 0:03:56]} e1=Q
{[%clk 0:26:09]} 78. Qf8+ {[%clk 0:04:18]} Kg2 {[%clk 0:26:35]} 79. Qg4+
{[%clk 0:04:37]} 1-0

[Event "1SM"]
[Site "Sharjah Chess Club"]
[Date "2017.03.28"]
[Round "6.9"]
[White "Kuzubov, Yuriy"]
[Black "Harika, Dronavalli"]
[Result "1/2-1/2"]
[BlackElo "2539"]
[WhiteElo "2643"]
[LiveChessVersion "1.4.8"]

1. d4 {[%clk 1:40:26]} d5 {[%clk 1:40:20]} 2. c4 {[%clk 1:40:49]} e6
{[%clk 1:40:43]} 3. Nc3 {[%clk 1:40:49]} c6 {[%clk 1:41:03]} 4. e3
{[%clk 1:36:22]} Nf6 {[%clk 1:40:30]} 5. b3 {[%clk 1:35:37]} Bb4 {[%clk 1:34:10]}
6. Bb2 {[%clk 1:34:21]} Ne4 {[%clk 1:32:42]} 7. Qc2 {[%clk 1:32:03]} c5
{[%clk 1:26:31]} 8. cxd5 {[%clk 0:45:29]} exd5 {[%clk 1:19:49]} 9. Bb5+
{[%clk 0:27:44]} Bd7 {[%clk 1:17:55]} 10. Bxd7+ {[%clk 0:24:02]} Nxd7
{[%clk 1:17:28]} 11. dxc5 {[%clk 0:23:32]} Qf6 {[%clk 0:42:59]} 12. Rc1
{[%clk 0:23:31]} Rc8 {[%clk 0:40:16]} 13. Kf1 {[%clk 0:17:42]} Bxc3
{[%clk 0:33:45]} 14. Bxc3 {[%clk 0:18:03]} Nxc3 {[%clk 0:34:00]} 15. Qxc3
{[%clk 0:18:27]} Rxc5 {[%clk 0:33:14]} 16. Qd2 {[%clk 0:18:53]} O-O
{[%clk 0:30:55]} 17. Rxc5 {[%clk 0:15:57]} Nxc5 {[%clk 0:31:14]} 18. Nf3
{[%clk 0:15:11]} Qa1+ {[%clk 0:25:42]} 19. Ne1 {[%clk 0:15:29]} Ne6
{[%clk 0:18:52]} 20. g3 {[%clk 0:14:47]} Qe5 {[%clk 0:09:16]} 21. Kg2
{[%clk 0:13:33]} d4 {[%clk 0:09:30]} 22. Nf3 {[%clk 0:13:13]} dxe3
{[%clk 0:08:54]} 1/2-1/2

[Event "1SM"]
[Site "Sharjah Chess Club"]
[Date "2017.03.28"]
[Round "6.10"]
[White "Xu, Yinglun"]
[Black "Bluebaum, Matthias"]
[Result "1/2-1/2"]
[BlackElo "2632"]
[WhiteElo "2540"]
[LiveChessVersion "1.4.8"]

1. d4 {[%clk 1:40:17]} Nf6 {[%clk 1:40:19]} 2. c4 {[%clk 1:40:35]} e6
{[%clk 1:40:41]} 3. Nf3 {[%clk 1:40:29]} d5 {[%clk 1:40:52]} 4. Nc3
{[%clk 1:40:25]} Bb4 {[%clk 1:40:35]} 5. Qb3 {[%clk 1:39:58]} c5 {[%clk 1:39:57]}
6. dxc5 {[%clk 1:40:01]} Na6 {[%clk 1:39:50]} 7. a3 {[%clk 1:36:21]} Bxc3+
{[%clk 1:39:51]} 8. Qxc3 {[%clk 1:36:42]} Nxc5 {[%clk 1:40:03]} 9. Bg5
{[%clk 1:33:06]} Nce4 {[%clk 1:37:13]} 10. Bxf6 {[%clk 1:33:24]} Qxf6
{[%clk 1:36:50]} 11. Qxf6 {[%clk 1:33:09]} Nxf6 {[%clk 1:37:15]} 12. e3
{[%clk 1:32:43]} dxc4 {[%clk 1:34:41]} 13. Bxc4 {[%clk 1:32:52]} Bd7
{[%clk 1:34:45]} 14. Ne5 {[%clk 1:30:28]} Rc8 {[%clk 1:33:47]} 15. Bd3
{[%clk 1:29:23]} Ke7 {[%clk 1:30:54]} 16. Ke2 {[%clk 1:28:23]} Rhd8
{[%clk 1:28:25]} 17. Rac1 {[%clk 1:26:51]} Rxc1 {[%clk 1:27:01]} 18. Rxc1
{[%clk 1:27:14]} Rc8 {[%clk 1:27:29]} 19. Rxc8 {[%clk 1:26:43]} Bxc8
{[%clk 1:27:53]} 20. h4 {[%clk 1:26:45]} h6 {[%clk 1:26:30]} 21. g3
{[%clk 1:26:52]} 1/2-1/2

[Event "1SM"]
[Site "Sharjah Chess Club"]
[Date "2017.03.28"]
[Round "6.11"]
[White "Sethuraman, S.P."]
[Black "Srija, Seshadri"]
[Result "1-0"]
[BlackElo "2166"]
[WhiteElo "2629"]
[LiveChessVersion "1.4.8"]

1. Nf3 {[%clk 1:40:14]} d5 {[%clk 1:40:11]} 2. c4 {[%clk 1:40:32]} e6
{[%clk 1:38:58]} 3. g3 {[%clk 1:40:24]} Nf6 {[%clk 1:39:10]} 4. Bg2
{[%clk 1:40:40]} d4 {[%clk 1:38:52]} 5. e3 {[%clk 1:39:51]} c5 {[%clk 1:38:42]}
6. exd4 {[%clk 1:40:12]} cxd4 {[%clk 1:39:05]} 7. O-O {[%clk 1:40:15]} Nc6
{[%clk 1:39:09]} 8. d3 {[%clk 1:40:27]} Bd6 {[%clk 1:38:12]} 9. Re1
{[%clk 1:36:39]} O-O {[%clk 1:38:21]} 10. a3 {[%clk 1:29:52]} a5 {[%clk 1:37:43]}
11. Bg5 {[%clk 1:30:13]} e5 {[%clk 1:32:16]} 12. Nbd2 {[%clk 1:11:45]} h6
{[%clk 1:24:43]} 13. Bxf6 {[%clk 1:11:36]} Qxf6 {[%clk 1:25:05]} 14. Ne4
{[%clk 1:11:33]} Qd8 {[%clk 1:25:18]} 15. Qa4 {[%clk 1:00:01]} Ra6
{[%clk 1:04:48]} 16. Nfd2 {[%clk 0:46:44]} Be7 {[%clk 1:00:50]} 17. c5
{[%clk 0:45:35]} Bd7 {[%clk 0:45:21]} 18. Nc4 {[%clk 0:44:49]} Qc7
{[%clk 0:33:25]} 19. Rac1 {[%clk 0:43:50]} Nd8 {[%clk 0:29:22]} 20. Qd1
{[%clk 0:41:52]} a4 {[%clk 0:29:12]} 21. Ned6 {[%clk 0:36:06]} f6
{[%clk 0:28:49]} 22. f4 {[%clk 0:24:52]} Bc6 {[%clk 0:28:28]} 23. Qg4
{[%clk 0:18:40]} Bxg2 {[%clk 0:26:38]} 24. Kxg2 {[%clk 0:18:03]} Bxd6
{[%clk 0:18:43]} 25. Nxd6 {[%clk 0:17:24]} Kh7 {[%clk 0:17:39]} 26. fxe5
{[%clk 0:16:27]} fxe5 {[%clk 0:17:55]} 27. Qe4+ {[%clk 0:16:04]} Kh8
{[%clk 0:16:28]} 28. Rf1 {[%clk 0:15:20]} Qe7 {[%clk 0:12:02]} 29. Rxf8+
{[%clk 0:14:05]} Qxf8 {[%clk 0:12:31]} 30. Qxe5 {[%clk 0:14:15]} b6
{[%clk 0:10:07]} 31. c6 {[%clk 0:14:12]} 1-0

[Event "1SM"]
[Site "Sharjah Chess Club"]
[Date "2017.03.28"]
[Round "6.12"]
[White "Vishnu, Prasanna. V"]
[Black "Adly, Ahmed"]
[Result "1/2-1/2"]
[BlackElo "2593"]
[WhiteElo "2534"]
[LiveChessVersion "1.4.8"]

1. e4 {[%clk 1:40:56]} c6 {[%clk 1:40:55]} 2. d4 {[%clk 1:41:21]} d5
{[%clk 1:41:21]} 3. e5 {[%clk 1:41:48]} c5 {[%clk 1:41:49]} 4. Nf3
{[%clk 1:42:11]} Nc6 {[%clk 1:42:14]} 5. c4 {[%clk 1:42:36]} cxd4
{[%clk 1:42:39]} 6. Nxd4 {[%clk 1:43:02]} dxc4 {[%clk 1:43:05]} 7. Nxc6
{[%clk 1:43:03]} Qxd1+ {[%clk 1:43:31]} 8. Kxd1 {[%clk 1:43:29]} bxc6
{[%clk 1:43:56]} 9. Bxc4 {[%clk 1:43:26]} Bf5 {[%clk 1:44:22]} 10. Ke2
{[%clk 1:42:43]} e6 {[%clk 1:44:47]} 11. Be3 {[%clk 1:41:28]} Ne7
{[%clk 1:45:12]} 12. Nc3 {[%clk 1:41:48]} Nd5 {[%clk 1:45:38]} 13. Nxd5
{[%clk 1:42:11]} exd5 {[%clk 1:46:02]} 14. Bb3 {[%clk 1:41:34]} O-O-O
{[%clk 1:46:22]} 15. Rac1 {[%clk 1:37:28]} Kb7 {[%clk 1:46:18]} 16. Rhd1
{[%clk 1:35:09]} f6 {[%clk 1:21:36]} 17. Ba4 {[%clk 1:27:13]} Rc8
{[%clk 1:21:41]} 18. exf6 {[%clk 1:16:31]} gxf6 {[%clk 1:21:43]} 19. Rc3
{[%clk 1:03:42]} Rg8 {[%clk 1:17:13]} 20. Rdc1 {[%clk 0:59:40]} c5
{[%clk 1:09:11]} 21. Bxc5 {[%clk 0:54:15]} Rxc5 {[%clk 1:09:30]} 22. Rxc5
{[%clk 0:54:39]} Bxc5 {[%clk 1:09:56]} 23. Rxc5 {[%clk 0:55:02]} Rxg2
{[%clk 1:10:16]} 24. Rxd5 {[%clk 0:51:08]} 1/2-1/2

[Event "1SM"]
[Site "Sharjah Chess Club"]
[Date "2017.03.28"]
[Round "6.13"]
[White "Deepan, Chakkravarthy J."]
[Black "Gledura, Benjamin"]
[Result "0-1"]
[BlackElo "2588"]
[WhiteElo "2483"]
[LiveChessVersion "1.4.8"]

1. e4 {[%clk 1:40:42]} e5 {[%clk 1:40:46]} 2. Nf3 {[%clk 1:40:58]} Nc6
{[%clk 1:41:00]} 3. Bb5 {[%clk 1:40:49]} a6 {[%clk 1:41:17]} 4. Ba4
{[%clk 1:41:10]} Nf6 {[%clk 1:41:39]} 5. O-O {[%clk 1:41:33]} Be7
{[%clk 1:41:54]} 6. d3 {[%clk 1:41:10]} b5 {[%clk 1:41:54]} 7. Bb3
{[%clk 1:41:33]} d6 {[%clk 1:38:43]} 8. a3 {[%clk 1:41:49]} O-O {[%clk 1:38:35]}
9. Nc3 {[%clk 1:41:14]} Be6 {[%clk 1:38:38]} 10. Nd5 {[%clk 1:38:04]} Nd4
{[%clk 1:38:12]} 11. Nxd4 {[%clk 1:32:46]} exd4 {[%clk 1:38:30]} 12. a4
{[%clk 1:18:05]} c5 {[%clk 1:17:31]} 13. Nxf6+ {[%clk 0:59:57]} Bxf6
{[%clk 1:17:50]} 14. Bxe6 {[%clk 1:00:07]} fxe6 {[%clk 1:18:14]} 15. f4
{[%clk 0:59:58]} Qd7 {[%clk 1:13:54]} 16. Bd2 {[%clk 0:51:05]} c4
{[%clk 1:00:21]} 17. axb5 {[%clk 0:49:35]} Qxb5 {[%clk 0:56:56]} 18. Ba5
{[%clk 0:36:51]} Rac8 {[%clk 0:49:17]} 19. Rf2 {[%clk 0:27:28]} Rc5
{[%clk 0:45:06]} 20. dxc4 {[%clk 0:27:22]} Rxc4 {[%clk 0:43:33]} 21. b3
{[%clk 0:27:25]} Rc5 {[%clk 0:39:20]} 22. Ra4 {[%clk 0:25:26]} Rfc8
{[%clk 0:38:05]} 23. Bb4 {[%clk 0:21:02]} R5c6 {[%clk 0:37:14]} 24. g3
{[%clk 0:20:50]} e5 {[%clk 0:34:57]} 25. fxe5 {[%clk 0:17:10]} dxe5
{[%clk 0:31:30]} 26. h4 {[%clk 0:16:47]} Qb7 {[%clk 0:29:05]} 27. Kh2
{[%clk 0:17:01]} Qf7 {[%clk 0:25:46]} 28. Qd3 {[%clk 0:14:37]} Qe6
{[%clk 0:26:05]} 29. Ra2 {[%clk 0:12:21]} h6 {[%clk 0:22:37]} 30. Qf3
{[%clk 0:12:15]} Be7 {[%clk 0:21:51]} 31. Bxe7 {[%clk 0:11:17]} Qxe7
{[%clk 0:22:16]} 32. Qg4 {[%clk 0:11:44]} Rf8 {[%clk 0:19:53]} 33. Rxf8+
{[%clk 0:09:42]} Qxf8 {[%clk 0:20:14]} 34. Kg2 {[%clk 0:10:06]} Kh8
{[%clk 0:18:28]} 35. Qf3 {[%clk 0:04:37]} Qc8 {[%clk 0:18:21]} 36. Qf5
{[%clk 0:04:13]} Rxc2+ {[%clk 0:15:45]} 37. Rxc2 {[%clk 0:04:42]} Qxc2+
{[%clk 0:16:14]} 38. Kh3 {[%clk 0:05:06]} Qc6 {[%clk 0:14:22]} 39. Kg2
{[%clk 0:03:44]} Qd6 {[%clk 0:10:18]} 40. Qc8+ {[%clk 0:03:53]} Kh7
{[%clk 0:10:46]} 41. Qf5+ {[%clk 0:03:12]} Kg8 {[%clk 0:11:08]} 42. Qc8+
{[%clk 0:03:23]} Kf7 {[%clk 0:11:19]} 43. Qc4+ {[%clk 0:03:21]} Qe6
{[%clk 0:10:33]} 44. Qc7+ {[%clk 0:03:00]} Kg8 {[%clk 0:10:15]} 45. b4
{[%clk 0:02:43]} Kh7 {[%clk 0:09:51]} 46. Qc5 {[%clk 0:02:31]} Qa2+
{[%clk 0:06:36]} 47. Kh3 {[%clk 0:02:42]} Qf2 {[%clk 0:04:13]} 48. Qc4
{[%clk 0:01:54]} Qf3 {[%clk 0:04:01]} 0-1

[Event "1SM"]
[Site "Sharjah Chess Club"]
[Date "2017.03.28"]
[Round "6.15"]
[White "Areshchenko, Alexander"]
[Black "Santos Ruiz, Miguel"]
[Result "1-0"]
[BlackElo "2480"]
[WhiteElo "2682"]
[LiveChessVersion "1.4.8"]

1. e4 {[%clk 1:40:57]} c5 {[%clk 1:40:46]} 2. Nf3 {[%clk 1:41:23]} d6
{[%clk 1:41:14]} 3. d4 {[%clk 1:41:48]} cxd4 {[%clk 1:41:40]} 4. Nxd4
{[%clk 1:42:14]} Nf6 {[%clk 1:42:06]} 5. Nc3 {[%clk 1:42:40]} a6 {[%clk 1:42:33]}
6. Be2 {[%clk 1:43:07]} e5 {[%clk 1:42:37]} 7. Nb3 {[%clk 1:43:31]} Be7
{[%clk 1:43:01]} 8. O-O {[%clk 1:43:56]} O-O {[%clk 1:43:26]} 9. Re1
{[%clk 1:44:20]} Be6 {[%clk 1:42:54]} 10. Bf3 {[%clk 1:44:42]} Nbd7
{[%clk 1:43:11]} 11. a4 {[%clk 1:44:59]} Qb8 {[%clk 1:43:33]} 12. Nd2
{[%clk 1:44:50]} Rc8 {[%clk 1:36:34]} 13. Nf1 {[%clk 1:45:10]} Bd8
{[%clk 1:37:01]} 14. h3 {[%clk 1:42:33]} Ba5 {[%clk 1:25:01]} 15. Bd2
{[%clk 1:42:50]} Rc4 {[%clk 1:24:49]} 16. Nb1 {[%clk 1:26:34]} Qc7
{[%clk 1:09:13]} 17. c3 {[%clk 1:06:31]} d5 {[%clk 1:06:30]} 18. exd5
{[%clk 1:04:38]} Bxd5 {[%clk 1:06:14]} 19. Bxd5 {[%clk 0:56:43]} Nxd5
{[%clk 1:05:36]} 20. Na3 {[%clk 0:56:20]} Rc6 {[%clk 1:05:23]} 21. b4
{[%clk 0:52:57]} Bb6 {[%clk 1:05:39]} 22. c4 {[%clk 0:37:15]} N5f6
{[%clk 0:56:18]} 23. c5 {[%clk 0:37:28]} Ba7 {[%clk 0:56:42]} 24. Be3
{[%clk 0:36:05]} Re6 {[%clk 0:52:24]} 25. Rc1 {[%clk 0:34:29]} Rd8
{[%clk 0:44:25]} 26. Qb3 {[%clk 0:34:41]} e4 {[%clk 0:44:43]} 27. Nc4
{[%clk 0:33:58]} Nd5 {[%clk 0:44:58]} 28. Nd6 {[%clk 0:27:05]} Nxe3
{[%clk 0:37:52]} 29. Nxe3 {[%clk 0:27:13]} b6 {[%clk 0:38:20]} 30. Nd5
{[%clk 0:24:37]} Qb8 {[%clk 0:38:45]} 31. Nxe4 {[%clk 0:18:01]} bxc5
{[%clk 0:37:00]} 32. Ng5 {[%clk 0:18:17]} c4 {[%clk 0:34:12]} 33. Qc2
{[%clk 0:16:18]} Rxe1+ {[%clk 0:32:11]} 34. Rxe1 {[%clk 0:16:42]} g6
{[%clk 0:32:39]} 35. Ne7+ {[%clk 0:13:18]} Kf8 {[%clk 0:33:07]} 36. Qc3
{[%clk 0:02:50]} Ne5 {[%clk 0:31:56]} 37. Nc6 {[%clk 0:02:56]} Bxf2+
{[%clk 0:31:12]} 38. Kxf2 {[%clk 0:03:15]} Qb6+ {[%clk 0:29:25]} 39. Kf1
{[%clk 0:03:24]} 1-0

[Event "1SM"]
[Site "Sharjah Chess Club"]
[Date "2017.03.28"]
[Round "6.16"]
[White "Anton Guijarro, David"]
[Black "Narayanan, Srinath"]
[Result "0-1"]
[BlackElo "2472"]
[WhiteElo "2676"]
[LiveChessVersion "1.4.8"]

1. d4 {[%clk 1:40:55]} Nf6 {[%clk 1:40:53]} 2. c4 {[%clk 1:41:16]} e6
{[%clk 1:41:11]} 3. Nf3 {[%clk 1:41:23]} b6 {[%clk 1:41:35]} 4. g3
{[%clk 1:41:27]} Bb4+ {[%clk 1:35:56]} 5. Bd2 {[%clk 1:41:09]} Be7
{[%clk 1:35:55]} 6. Bg2 {[%clk 1:39:02]} c6 {[%clk 1:33:31]} 7. Bf4
{[%clk 1:20:26]} O-O {[%clk 1:32:26]} 8. O-O {[%clk 1:20:25]} d5 {[%clk 1:32:46]}
9. Nc3 {[%clk 1:19:47]} Bb7 {[%clk 1:29:13]} 10. Qd3 {[%clk 1:19:06]} Nbd7
{[%clk 1:25:42]} 11. Rfd1 {[%clk 1:17:47]} Ba6 {[%clk 1:12:53]} 12. b3
{[%clk 1:14:01]} dxc4 {[%clk 1:05:47]} 13. bxc4 {[%clk 1:14:05]} Nd5
{[%clk 1:05:59]} 14. a3 {[%clk 0:57:39]} Nxf4 {[%clk 1:01:25]} 15. gxf4
{[%clk 0:58:00]} Qc7 {[%clk 1:01:27]} 16. e3 {[%clk 0:57:50]} Rfd8
{[%clk 1:01:03]} 17. a4 {[%clk 0:52:59]} Rac8 {[%clk 0:56:33]} 18. Rac1
{[%clk 0:49:51]} g6 {[%clk 0:54:41]} 19. Qe2 {[%clk 0:48:43]} Ba3
{[%clk 0:33:30]} 20. Rb1 {[%clk 0:46:34]} Bf8 {[%clk 0:30:47]} 21. Qa2
{[%clk 0:44:07]} Bg7 {[%clk 0:30:33]} 22. Qb3 {[%clk 0:43:07]} Qb8
{[%clk 0:24:27]} 23. h3 {[%clk 0:26:26]} Qc7 {[%clk 0:22:28]} 24. Ra1
{[%clk 0:24:58]} Bb7 {[%clk 0:19:12]} 25. Rac1 {[%clk 0:25:01]} Qb8
{[%clk 0:18:46]} 26. Rb1 {[%clk 0:24:30]} Ba6 {[%clk 0:18:26]} 27. Rbc1
{[%clk 0:18:39]} Bb7 {[%clk 0:18:19]} 28. h4 {[%clk 0:19:05]} c5 {[%clk 0:15:24]}
29. d5 {[%clk 0:19:26]} e5 {[%clk 0:15:49]} 30. Ne2 {[%clk 0:16:48]} Bh6
{[%clk 0:12:03]} 31. f5 {[%clk 0:14:47]} e4 {[%clk 0:11:38]} 32. Ng5
{[%clk 0:14:13]} gxf5 {[%clk 0:10:50]} 33. Ng3 {[%clk 0:14:12]} Bxg5
{[%clk 0:09:24]} 34. hxg5 {[%clk 0:14:37]} Qe5 {[%clk 0:09:51]} 35. Qc3
{[%clk 0:14:40]} Qe7 {[%clk 0:10:02]} 36. Nxf5 {[%clk 0:13:01]} Qxg5
{[%clk 0:10:26]} 37. Nd6 {[%clk 0:12:43]} Nf6 {[%clk 0:10:04]} 38. Nxb7
{[%clk 0:10:45]} Rd7 {[%clk 0:10:30]} 39. Na5 bxa5 {[%clk 0:10:54]} 40. Rb1
{[%clk 0:05:16]} Ng4 {[%clk 0:10:32]} 41. Kf1 {[%clk 0:04:14]} Nh2+
{[%clk 0:10:20]} 42. Ke2 {[%clk 0:03:56]} Qg4+ {[%clk 0:10:38]} 43. Kd2
{[%clk 0:03:26]} Qxg2 {[%clk 0:11:02]} 44. Qf6 {[%clk 0:03:35]} Nf3+
{[%clk 0:10:56]} 45. Ke2 {[%clk 0:03:46]} Qg4 {[%clk 0:09:12]} 46. Rh1
{[%clk 0:04:02]} Rcd8 {[%clk 0:08:08]} 47. Qh6 {[%clk 0:03:30]} f6
{[%clk 0:07:54]} 48. Kd1 {[%clk 0:01:58]} Qg5 {[%clk 0:06:04]} 49. Qh3
{[%clk 0:02:11]} Rxd5+ {[%clk 0:06:14]} 50. Kc1 {[%clk 0:01:16]} R5d7
{[%clk 0:06:13]} 51. Rb8 {[%clk 0:00:50]} Rxb8 {[%clk 0:04:09]} 0-1

[Event "1SM"]
[Site "Sharjah Chess Club"]
[Date "2017.03.28"]
[Round "6.17"]
[White "Praggnanandhaa, R"]
[Black "Iturrizaga Bonelli, Eduardo"]
[Result "0-1"]
[BlackElo "2673"]
[WhiteElo "2455"]
[LiveChessVersion "1.4.8"]

1. Nf3 {[%clk 1:40:24]} Nf6 {[%clk 1:40:11]} 2. g3 {[%clk 1:40:42]} b6
{[%clk 1:37:07]} 3. Bg2 {[%clk 1:40:58]} Bb7 {[%clk 1:37:33]} 4. O-O
{[%clk 1:41:14]} g6 {[%clk 1:37:42]} 5. b3 {[%clk 1:40:33]} Bg7 {[%clk 1:38:05]}
6. Bb2 {[%clk 1:40:55]} O-O {[%clk 1:38:14]} 7. c4 {[%clk 1:41:02]} e6
{[%clk 1:38:18]} 8. d4 {[%clk 1:33:53]} c5 {[%clk 1:34:14]} 9. Nc3
{[%clk 1:31:08]} Na6 {[%clk 1:27:41]} 10. e3 {[%clk 1:20:06]} Qe7
{[%clk 1:22:37]} 11. Qe2 {[%clk 1:18:37]} d5 {[%clk 1:13:12]} 12. cxd5
{[%clk 1:07:22]} exd5 {[%clk 1:13:33]} 13. a3 {[%clk 0:56:20]} Nc7
{[%clk 0:59:21]} 14. Rfd1 {[%clk 0:50:20]} Rfd8 {[%clk 0:59:50]} 15. Rac1
{[%clk 0:48:12]} Ba6 {[%clk 0:51:01]} 16. Qe1 {[%clk 0:44:23]} Ne6
{[%clk 0:47:22]} 17. Na4 {[%clk 0:32:46]} Bb5 {[%clk 0:39:25]} 18. Nc3
{[%clk 0:32:22]} Ba6 {[%clk 0:36:46]} 19. Na4 {[%clk 0:32:28]} Bb5
{[%clk 0:31:16]} 20. Nc3 {[%clk 0:32:28]} Bc6 {[%clk 0:30:05]} 21. Ne5
{[%clk 0:13:07]} Bb7 {[%clk 0:30:28]} 22. Nd3 {[%clk 0:12:11]} cxd4
{[%clk 0:16:48]} 23. exd4 {[%clk 0:12:26]} Ne4 {[%clk 0:17:05]} 24. Nxd5
{[%clk 0:03:39]} Bxd5 {[%clk 0:16:59]} 25. Bxe4 {[%clk 0:04:02]} Qb7
{[%clk 0:16:48]} 26. Bxd5 {[%clk 0:02:04]} Qxd5 {[%clk 0:17:16]} 27. Nb4
{[%clk 0:01:33]} Qf5 {[%clk 0:10:49]} 28. Nc6 {[%clk 0:01:02]} Re8
{[%clk 0:11:17]} 29. Qf1 {[%clk 0:00:46]} Ng5 {[%clk 0:10:49]} 30. f4
{[%clk 0:00:35]} Nh3+ {[%clk 0:08:13]} 31. Kg2 {[%clk 0:00:56]} Re3
{[%clk 0:04:24]} 32. Rc3 {[%clk 0:00:38]} Qd5+ {[%clk 0:04:11]} 33. Kxh3
{[%clk 0:00:38]} Qh5+ {[%clk 0:04:39]} 34. Kg2 {[%clk 0:00:48]} Re2+
{[%clk 0:05:08]} 35. Qxe2 {[%clk 0:00:49]} Qxe2+ {[%clk 0:05:36]} 36. Kh3
{[%clk 0:01:13]} Qh5+ {[%clk 0:05:49]} 37. Kg2 {[%clk 0:01:40]} Qxd1
{[%clk 0:06:11]} 0-1

[Event "1SM"]
[Site "Sharjah Chess Club"]
[Date "2017.03.28"]
[Round "6.18"]
[White "Yakubboev, Nodirbek"]
[Black "Sargissian, Gabriel"]
[Result "1/2-1/2"]
[BlackElo "2666"]
[WhiteElo "2427"]
[LiveChessVersion "1.4.8"]

1. d4 {[%clk 1:36:22]} Nf6 {[%clk 1:40:52]} 2. Bg5 {[%clk 1:35:03]} d5
{[%clk 1:40:59]} 3. e3 {[%clk 1:33:29]} c6 {[%clk 1:40:47]} 4. Nd2
{[%clk 1:20:15]} Bf5 {[%clk 1:40:19]} 5. Bd3 {[%clk 1:16:31]} Bxd3
{[%clk 1:35:28]} 6. cxd3 {[%clk 1:16:53]} e6 {[%clk 1:35:24]} 7. Ngf3
{[%clk 1:13:38]} Be7 {[%clk 1:30:32]} 8. O-O {[%clk 1:09:21]} Nbd7
{[%clk 1:30:10]} 9. e4 {[%clk 1:03:31]} h6 {[%clk 1:25:52]} 10. Bh4
{[%clk 0:59:50]} g5 {[%clk 1:20:30]} 11. Bg3 {[%clk 0:59:58]} Rg8
{[%clk 1:16:54]} 12. Ne5 {[%clk 0:56:34]} h5 {[%clk 0:46:36]} 13. exd5
{[%clk 0:43:23]} exd5 {[%clk 0:40:35]} 14. Nxd7 {[%clk 0:35:37]} Qxd7
{[%clk 0:40:41]} 15. Re1 {[%clk 0:31:12]} h4 {[%clk 0:36:27]} 16. Be5
{[%clk 0:31:02]} O-O-O {[%clk 0:35:06]} 17. Qa4 {[%clk 0:27:35]} a6
{[%clk 0:27:33]} 18. Rac1 {[%clk 0:24:08]} Ng4 {[%clk 0:27:34]} 19. Nb3
{[%clk 0:16:20]} f6 {[%clk 0:23:33]} 20. Na5 {[%clk 0:13:21]} c5 {[%clk 0:23:36]}
21. Qxd7+ {[%clk 0:13:07]} Rxd7 {[%clk 0:23:48]} 22. h3 {[%clk 0:13:28]} fxe5
{[%clk 0:23:26]} 23. hxg4 {[%clk 0:13:51]} exd4 {[%clk 0:23:41]} 24. Nb3
{[%clk 0:13:38]} b6 {[%clk 0:15:03]} 25. Nxd4 {[%clk 0:13:52]} Rg6
{[%clk 0:12:41]} 26. Nf5 {[%clk 0:13:40]} Kd8 {[%clk 0:12:47]} 27. Rc2
{[%clk 0:10:12]} Rc6 {[%clk 0:12:45]} 28. Nd4 {[%clk 0:07:41]} Rg6
{[%clk 0:13:03]} 29. Nf5 {[%clk 0:07:20]} Rc6 {[%clk 0:13:28]} 30. Nd4
{[%clk 0:07:16]} Rg6 {[%clk 0:13:42]} 1/2-1/2